Moralidad y modernidad : el porvenir de la ética

Uloženo v:
Podrobná bibliografie
Hlavní autor: Poole, Ross
Médium: Kniha
Jazyk:španělština
Vydáno: Herder. 1993.
Témata:
Tagy: Přidat tag
Žádné tagy, Buďte první, kdo vytvoří štítek k tomuto záznamu!

MARC

LEADER 00000nam a22000005a 4500
001 982
003 CL-ChBUA
005 20120815102719.0
008 070301s1993 sp 000 0 spa
020 |a 8425418240 
040 |a CL-ChBUA  |c CL-ChBUA 
082 0 0 |a 170 
090 |c 982  |d 982 
100 1 |a Poole, Ross. 
245 1 0 |a Moralidad y modernidad :  |b el porvenir de la ética 
260 |b Herder.  |c 1993. 
300 |a 258 p.  |c 22 cm. 
504 |a Indice. 
650 4 |a ETICA. 
942 |c LIB 
952 |0 0  |1 0  |4 0  |7 0  |9 1322  |a UNACH  |b UNACH  |c 100  |d 2007-03-05  |i 30.373.  |l 1  |o 170 / P 822.  |p 2321  |r 2025-10-30 16:45:04  |s 2016-10-05  |u 1322  |w 2012-08-08  |y LIB  |k 170 / P 822. 
999 |c 982  |d 982